000 00574 a2200193 4500
001 61065
005 20260407155901.0
008 260407a1952 arg spa d
003 AR-UNSa-BCEJYS
040 _aAR-UNSa-BCEJYS
_bspa
_cAR-UNSa-BCEJYS
080 _a342
_xDerecho constitucional (Derecho Público)
245 1 0 _aCompendio de derecho público
_pConstitucional, administrativo y fiscal
264 1 _aBuenos Aires :
_b[s.n.]
_c1952
300 _a3 v.
_c23 cm.
041 _aspa
942 _cBK
590 _aniveau_biblio:m niveau_hierar:0
100 1 _aBielsa, Rafael
999 _c7195
_d7195